বাংলা দেশের ইতিহাস / (Record no. 75885)
[ view plain ]
| 000 -LEADER | |
|---|---|
| fixed length control field | 01043nam a2200253 a 4500 |
| 001 - CONTROL NUMBER | |
| control field | 75885 |
| 003 - CONTROL NUMBER IDENTIFIER | |
| rucl marc code | BD-RjUL |
| 005 - DATE AND TIME OF LATEST TRANSACTION | |
| control field | 20211209082746.0 |
| 008 - FIXED-LENGTH DATA ELEMENTS--GENERAL INFORMATION | |
| fixed length control field | 190827m19751973ii 000 0 |ben| |
| 020 ## - INTERNATIONAL STANDARD BOOK NUMBER | |
| Terms of availability | : IRs. 35.00 (V-3) |
| 035 ## - SYSTEM CONTROL NUMBER | |
| System control number | (BD-RjUL)76104 |
| 040 ## - CATALOGING SOURCE | |
| Original cataloging agency | BD-RjUL |
| Transcribing agency | BD-RjUL |
| Language of cataloging | ben |
| 041 ## - LANGUAGE CODE | |
| Language code of text/sound track or separate title | ben |
| 082 ## - DEWEY DECIMAL CLASSIFICATION NUMBER | |
| Edition number | 23 |
| Classification number | 954.14 |
| Author mark and year | MAB V-2-3 1973-75 |
| 100 1# - MAIN ENTRY--PERSONAL NAME | |
| Personal name | মজুমদার, রমেশচন্দ্র |
| 9 (RLIN) | 232746 |
| 245 10 - TITLE STATEMENT | |
| Title | বাংলা দেশের ইতিহাস / |
| Statement of responsibility, etc. | রমেশচন্দ্র মজুমদার |
| 250 ## - EDITION STATEMENT | |
| Edition statement | পরিবর্তিত ২য় সং. |
| 260 ## - PUBLICATION, DISTRIBUTION, ETC. (IMPRINT) | |
| Place of publication, distribution, etc. | কলিকাতা : |
| Name of publisher, distributor, etc. | জেনারেল পাবলিশার্স, |
| Date of publication, distribution, etc. | ১৯৭৩-১৯৭৫ |
| 300 ## - PHYSICAL DESCRIPTION | |
| Pagination | খণ্ড : ; |
| Size | ২১ সেমি. |
| 505 0# - FORMATTED CONTENTS NOTE | |
| Formatted contents note | খণ্ড ২, [মধ্য যুগ] --- খণ্ড ৩, [আধুনিক যুগ] -- |
| 650 ## - SUBJECT ADDED ENTRY--TOPICAL TERM | |
| Topical term or geographic name as entry element | বাংলাদেশ |
| Form subdivision | ইতিহাস |
| 9 (RLIN) | 117208 |
| Topical term or geographic name as entry element | Bangladesh |
| Form subdivision | History |
| 9 (RLIN) | 117209 |
| 942 ## - ADDED ENTRY ELEMENTS (KOHA) | |
| Source of classification or shelving scheme | Dewey Decimal Classification |
| Koha item type | Books |
| Lost status | Source of classification or shelving scheme | Damaged status | Not for loan | Collection code | Permanent Location | Current Location | Shelving location | Date acquired | Source of acquisition | Cost, normal purchase price | Total Checkouts | Full call number | Date last seen | Copy number | Koha item type | Date checked out |
|---|---|---|---|---|---|---|---|---|---|---|---|---|---|---|---|---|
| Dewey Decimal Classification | Not For Loan | Non-fiction | Central Library, University of Rajshahi | Central Library, University of Rajshahi | Reading Room | 11/03/1976 | Boi Ghor, Rajshahi | 62.50 | B 954.14 MAB V-2 1973 | 27/08/2019 | C-1 | Books | ||||
| Dewey Decimal Classification | Non-fiction | Central Library, University of Rajshahi | Central Library, University of Rajshahi | 19/04/1976 | Rajshahi, Eureka Book Agency | 62.50 | 3 | B 954.14 MAB V-2 1973 | 11/12/2023 | C-2 | Books | 23/11/2023 | ||||
| Dewey Decimal Classification | Not For Loan | Rare Books | Central Library, University of Rajshahi | Central Library, University of Rajshahi | Rare Book Section | 14/03/2020 | BRA 954.14 MAB V-3 1975 | 14/03/2020 | C-1 | Rare Books |